[Event "Moscow op-A"]
[Site "Moscow"]
[Date "2012.02.05"]
[Round "9"]
[White "Egorov, Konstantin"]
[Black "Ezhikov, Vitaly"]
[Result "1-0"]
[WhiteElo "2081"]
[BlackElo "2024"]
[PlyCount "71"]
[EventDate "2012.01.28"]
[EventType "swiss"]
[EventRounds "9"]
[EventCountry "RUS"]
[SourceTitle "CBM 146 Extra"]
[Source "ChessBase"]
[SourceDate "2012.02.29"]
[SourceVersion "1"]
[SourceVersionDate "2012.02.29"]
[SourceQuality "1"]

1. d4 Nf6 2. c4 g6 3. Nc3 Bg7 4. e4 d6 5. Nf3 0-0 6. Be2 e5 7. 0-0 Nc6 8. d5 Ne7 9. Ne1 Nd7 10. Nd3 f5 11. Bd2 Nf6 12. f3 f4 13. g4 fxg3 14. hxg3 Nh5 15. Kg2 Kh8 16. Rh1 Ng8 17. c5 Qe7 18. cxd6 cxd6 19. a4 Nh6 20. Be3 Nf7 21. Qd2 Bf6 22. Nb5 a6 23. Na3 Ng5 24. Nc4 Bg4 25. Raf1 b5 26. Na5 h6 27. Nc6 Qd7 28. Bxg5 Bxg5 29. Qc3 b4 30. Qxb4 Bf4 31. gxf4 Rxf4 32. Nxf4 Nxf4+ 33. Kf2 Bxf3 34. Kxf3 Rf8 35. Ke3 Ng2+ 36. Kd2 1-0

[Event "Moscow op-A"]
[Site "Moscow"]
[Date "2012.02.01"]
[Round "5"]
[White "Petrukhina, Irina"]
[Black "Ezhikov, Vitaly"]
[Result "1-0"]
[WhiteElo "2202"]
[BlackElo "2024"]
[PlyCount "67"]
[EventDate "2012.01.28"]
[EventType "swiss"]
[EventRounds "9"]
[EventCountry "RUS"]
[SourceTitle "CBM 146 Extra"]
[Source "ChessBase"]
[SourceDate "2012.02.29"]
[SourceVersion "1"]
[SourceVersionDate "2012.02.29"]
[SourceQuality "1"]

1. d4 Nf6 2. c4 g6 3. Nc3 Bg7 4. e4 d6 5. Nf3 0-0 6. Be2 e5 7. 0-0 Nc6 8. d5 Ne7 9. b4 Nd7 10. a4 a5 11. Ba3 b6 12. bxa5 Rxa5 13. Bb4 Ra8 14. a5 Nc5 15. axb6 Rxa1 16. Qxa1 cxb6 17. Qa7 f5 18. Bxc5 bxc5 19. Ng5 Nxd5 20. Nxd5 Qxg5 21. Ne7+ Kh8 22. Qc7 Qd2 23. Nxc8 Qxe2 24. Nxd6 fxe4 25. Qxc5 Qd3 26. Qd5 h6 27. Nxe4 Qc2 28. Nd6 Rf4 29. g3 Rd4 30. Qe6 e4 31. Qxg6 Qd2 32. Nf5 Rd7 33. Qe8+ Kh7 34. Qxe4 1-0

[Event "Moscow op-A"]
[Site "Moscow"]
[Date "2012.01.29"]
[Round "2"]
[White "Ezhikov, Vitaly"]
[Black "Arslanov, Shamil M"]
[Result "0-1"]
[WhiteElo "2024"]
[BlackElo "2424"]
[PlyCount "54"]
[EventDate "2012.01.28"]
[EventType "swiss"]
[EventRounds "9"]
[EventCountry "RUS"]
[SourceTitle "CBM 146 Extra"]
[Source "ChessBase"]
[SourceDate "2012.02.29"]
[SourceVersion "1"]
[SourceVersionDate "2012.02.29"]
[SourceQuality "1"]

1. d4 Nf6 2. c4 g6 3. g3 Bg7 4. Bg2 0-0 5. Nc3 d6 6. Nf3 Nc6 7. h3 a6 8. 0-0 Bd7 9. Be3 e5 10. dxe5 dxe5 11. Qc1 Re8 12. Rd1 Qc8 13. Kh2 Rb8 14. Ng5 Ne7 15. Nge4 Nxe4 16. Nxe4 Nf5 17. Bg5 Bc6 18. g4 Nd4 19. e3 Ne6 20. Nf6+ Bxf6 21. Bxf6 Nc5 22. Bxc6 bxc6 23. Qc2 Qe6 24. Bh4 e4 25. b3 Nd3 26. Rxd3 exd3 27. Qxd3 Qe5+ 0-1

[Event "Moscow op-E"]
[Site "Moscow"]
[Date "2011.01.31"]
[Round "3.107"]
[White "Kalmachevskikh, Viktor"]
[Black "Ezhikov, Vitaly"]
[Result "1-0"]
[WhiteElo "2295"]
[BlackElo "2046"]
[PlyCount "119"]
[EventDate "2011.01.29"]
[EventType "swiss"]
[EventRounds "9"]
[EventCountry "RUS"]
[SourceTitle "EXT 2022"]
[Source "ChessBase"]
[SourceDate "2021.10.06"]
[SourceVersion "1"]
[SourceVersionDate "2021.10.06"]
[SourceQuality "1"]

1. d4 g6 2. e4 d6 3. Nc3 Bg7 4. Be3 Nf6 5. f3 0-0 6. Qd2 e5 7. 0-0-0 exd4 8. Bxd4 Be6 9. Be3 a6 10. Bh6 b5 11. Bxg7 Kxg7 12. Nge2 Nbd7 13. h4 h5 14. Nf4 Nc5 15. Qe3 Nfd7 16. Nxe6+ fxe6 17. g4 hxg4 18. fxg4 Qf6 19. g5 Qf4 20. Qxf4 Rxf4 21. b4 Na4 22. Nxa4 bxa4 23. h5 gxh5 24. Rxh5 Rh8 25. Rxh8 Kxh8 26. Bxa6 Rxe4 27. Rh1+ Kg8 28. Bd3 Rxb4 29. Rh7 Ne5 30. Rxc7 Nxd3+ 31. cxd3 Rd4 32. Kc2 Rg4 33. Re7 Rg2+ 34. Kc3 Rxa2 35. Rxe6 Rg2 36. g6 Kg7 37. Rxd6 Rxg6 38. Rd7+ Kf6 39. Ra7 Rg4 40. d4 Rg3+ 41. Kc4 Ra3 42. Kc5 Ra1 43. Kd6 a3 44. d5 a2 45. Ra3 Kf7 46. Rf3+ Ke8 47. Rf2 Rh1 48. Rxa2 Rd1 49. Ra8+ Kf7 50. Rd8 Rd2 51. Kc7 Rc2+ 52. Kd7 Rd2 53. d6 Kf6 54. Rf8+ Ke5 55. Re8+ Kd5 56. Rh8 Kc5 57. Rh5+ Kb6 58. Rh1 Rd3 59. Rb1+ Kc5 60. Kc7 1-0

[Event "Moscow op-E"]
[Site "Moscow"]
[Date "2011.01.29"]
[Round "1.29"]
[White "Panarin, Mikhail"]
[Black "Ezhikov, Vitaly"]
[Result "1-0"]
[WhiteElo "2533"]
[BlackElo "2046"]
[PlyCount "61"]
[EventDate "2011.01.29"]
[EventType "swiss"]
[EventRounds "9"]
[EventCountry "RUS"]
[SourceTitle "EXT 2022"]
[Source "ChessBase"]
[SourceDate "2021.10.06"]
[SourceVersion "1"]
[SourceVersionDate "2021.10.06"]
[SourceQuality "1"]

1. e4 c5 2. Nf3 d6 3. d4 cxd4 4. Nxd4 Nf6 5. Nc3 a6 6. Be2 Nbd7 7. 0-0 g6 8. Be3 Bg7 9. a4 b6 10. Nd5 Bb7 11. Nxf6+ Nxf6 12. f3 Qc7 13. c4 0-0 14. Qd2 Rfe8 15. a5 bxa5 16. Nb3 e6 17. Nxa5 d5 18. e5 Nd7 19. f4 f6 20. Nxb7 Qxb7 21. cxd5 exd5 22. Bf3 Nb6 23. Ra3 fxe5 24. fxe5 Bxe5 25. Rb3 Bc7 26. Rxb6 Bxb6 27. Qxd5+ Qxd5 28. Bxd5+ Kg7 29. Rf7+ Kg8 30. Rc7+ Kh8 31. Bxb6 1-0

[Event "Moscow op-A"]
[Site "Moscow"]
[Date "2009.02.07"]
[Round "8"]
[White "Ezhikov, Vitaly"]
[Black "Oganisjan, Roman"]
[Result "1/2-1/2"]
[WhiteElo "2136"]
[BlackElo "2321"]
[PlyCount "59"]
[EventDate "2009.01.31"]
[EventType "swiss"]
[EventRounds "9"]
[EventCountry "RUS"]
[SourceTitle "EXT 2023"]
[Source "ChessBase"]
[SourceDate "2022.10.05"]
[SourceVersion "1"]
[SourceVersionDate "2022.10.05"]
[SourceQuality "1"]

1. d4 e6 2. c4 Nf6 3. Nf3 c5 4. d5 b5 5. Bg5 bxc4 6. Nc3 Qb6 7. Bxf6 gxf6 8. Qc2 Na6 9. a3 Rb8 10. Rb1 Qb3 11. Qc1 f5 12. e4 fxe4 13. Nd2 Qb7 14. Ndxe4 f5 15. Nf6+ Kf7 16. Nh5 Qc7 17. Qe3 Rg8 18. Bxc4 Rg4 19. b3 Bd6 20. Qf3 Kg6 21. h3 Rg5 22. g4 Be5 23. Rg1 Kh6 24. Ke2 Bb7 25. h4 Rgg8 26. gxf5 exf5 27. Ng3 Bxg3 28. Rxg3 Rxg3 29. Qxg3 Qxg3 30. fxg3 1/2-1/2

[Event "Moscow op-A"]
[Site "Moscow"]
[Date "2009.02.04"]
[Round "5"]
[White "Ezhikov, Vitaly"]
[Black "Margulis, Daniil"]
[Result "1-0"]
[WhiteElo "2136"]
[BlackElo "1400"]
[PlyCount "67"]
[EventDate "2009.01.31"]
[EventType "swiss"]
[EventRounds "9"]
[EventCountry "RUS"]
[SourceTitle "EXT 2022"]
[Source "ChessBase"]
[SourceDate "2021.10.06"]
[SourceVersion "1"]
[SourceVersionDate "2021.10.06"]
[SourceQuality "1"]

1. d4 d5 2. Nf3 Nf6 3. c4 c6 4. Nc3 dxc4 5. a4 e6 6. e3 Bb4 7. Bxc4 0-0 8. 0-0 Nbd7 9. Qc2 Qc7 10. Bd2 e5 11. Bd3 Bd6 12. Rac1 Qb6 13. h3 Re8 14. Ng5 Nf8 15. Nce4 Nxe4 16. Nxe4 Qd8 17. Nxd6 Qxd6 18. dxe5 Rxe5 19. e4 Ng6 20. Be3 Bd7 21. f4 Ree8 22. e5 Qe6 23. Bc5 Nh4 24. Bxh7+ Kh8 25. Bd3 Nf5 26. g4 Nh6 27. Qe2 Qd5 28. Rfd1 Bc8 29. g5 Qe6 30. Qh5 Rg8 31. Kh2 b6 32. Bd6 Bb7 33. f5 Qb3 34. gxh6 1-0

[Event "Moscow op-A"]
[Site "Moscow"]
[Date "2009.02.02"]
[Round "3"]
[White "Ezhikov, Vitaly"]
[Black "Ageichenko, Genadi A"]
[Result "0-1"]
[WhiteElo "2136"]
[BlackElo "2555"]
[PlyCount "66"]
[EventDate "2009.01.31"]
[EventType "swiss"]
[EventRounds "9"]
[EventCountry "RUS"]
[SourceTitle "EXT 2022"]
[Source "ChessBase"]
[SourceDate "2021.10.06"]
[SourceVersion "1"]
[SourceVersionDate "2021.10.06"]
[SourceQuality "1"]

1. d4 Nf6 2. c4 e6 3. Nf3 b6 4. g3 Ba6 5. Qa4 Bb7 6. Bg2 Be7 7. 0-0 0-0 8. Nc3 Ne4 9. Nxe4 Bxe4 10. Ne5 Bxg2 11. Kxg2 Qc8 12. e4 Qb7 13. d5 d6 14. Nd3 c5 15. Bf4 a6 16. Qc2 Nd7 17. f3 exd5 18. exd5 b5 19. b3 Rfe8 20. Rae1 Bf8 21. h4 Nb6 22. Nf2 Qd7 23. g4 bxc4 24. bxc4 Qa4 25. Qxa4 Nxa4 26. Rxe8 Rxe8 27. Ne4 Nb2 28. Nd2 Nd3 29. Kg3 h5 30. Ne4 hxg4 31. Kxg4 Nxf4 32. Kxf4 Rb8 33. Ke3 Rb2 0-1

[Event "Moscow op-A 04th"]
[Site "Moscow"]
[Date "2008.02.08"]
[Round "7"]
[White "Nechaeva, Marina"]
[Black "Ezhikov, Vitaly"]
[Result "1/2-1/2"]
[WhiteElo "2226"]
[BlackElo "2102"]
[PlyCount "73"]
[EventDate "2008.02.02"]
[EventType "swiss"]
[EventRounds "9"]
[EventCountry "RUS"]
[SourceTitle "CBM 122 Extra"]
[Source "ChessBase"]
[SourceDate "2008.03.04"]
[SourceVersion "1"]
[SourceVersionDate "2008.03.04"]
[SourceQuality "1"]

1. d4 Nf6 2. c4 g6 3. Nf3 Bg7 4. g3 0-0 5. Bg2 d6 6. 0-0 Nbd7 7. Nc3 e5 8. e4 c6 9. Re1 Qb6 10. h3 exd4 11. Na4 Qc7 12. Nxd4 Nc5 13. Nxc5 dxc5 14. Nb3 Rd8 15. Qc2 Nd7 16. Bf4 Be5 17. Bxe5 Qxe5 18. Rad1 Re8 19. f4 Qe7 20. Qf2 Nb6 21. Qxc5 Qxc5+ 22. Nxc5 Nxc4 23. b3 Nb6 24. e5 Kg7 25. g4 a5 26. Rd4 Ra7 27. Ne4 Be6 28. Nf6 Rf8 29. Red1 a4 30. Rb4 Nc8 31. Rxa4 Rxa4 32. bxa4 Nb6 33. Rb1 Nxa4 34. Rxb7 Rc8 35. Kf2 Bxa2 36. Ra7 Bb3 37. Bxc6 1/2-1/2

[Event "Moscow op-A 04th"]
[Site "Moscow"]
[Date "2008.02.07"]
[Round "6"]
[White "Ezhikov, Vitaly"]
[Black "Nezad, Husein Aziz"]
[Result "0-1"]
[WhiteElo "2102"]
[BlackElo "2355"]
[PlyCount "86"]
[EventDate "2008.02.02"]
[EventType "swiss"]
[EventRounds "9"]
[EventCountry "RUS"]
[SourceTitle "CBM 122 Extra"]
[Source "ChessBase"]
[SourceDate "2008.03.04"]
[SourceVersion "1"]
[SourceVersionDate "2008.03.04"]
[SourceQuality "1"]

1. d4 d5 2. Nf3 Nf6 3. c4 c6 4. Nc3 e6 5. cxd5 exd5 6. Bf4 Bf5 7. e3 Qb6 8. Qc1 Nbd7 9. Be2 Be7 10. 0-0 0-0 11. a3 a5 12. Na4 Qd8 13. Ne5 Re8 14. Bd3 Bxd3 15. Nxd3 Ne4 16. h3 Bd6 17. Bxd6 Nxd6 18. b3 Re6 19. Nac5 Nxc5 20. Qxc5 h5 21. Qc2 Qg5 22. Nf4 Rh6 23. Qd1 Re8 24. g3 Nf5 25. Ng2 Re4 26. b4 Re8 27. bxa5 Ra8 28. Rb1 Nd6 29. a4 Rxa5 30. Rb4 Ra7 31. Qb1 Re6 32. Qd1 Re8 33. Nf4 g6 34. Kh2 Qe7 35. Nd3 Rea8 36. Nc5 h4 37. g4 Nc4 38. Qc2 b6 39. Nd3 c5 40. Rb5 Rxa4 41. dxc5 Ra2 42. Qc3 Qxe3 43. Re1 Rxf2+ 0-1

[Event "Moscow op 03rd"]
[Site "Moscow"]
[Date "2007.02.03"]
[Round "8"]
[White "Fomin, Andrey2"]
[Black "Ezhikov, Vitaly"]
[Result "1-0"]
[WhiteElo "2258"]
[BlackElo "2131"]
[PlyCount "73"]
[EventDate "2007.01.27"]
[EventType "swiss"]
[EventRounds "9"]
[EventCountry "RUS"]
[SourceTitle "CBM 116 Extra"]
[Source "ChessBase"]
[SourceDate "2007.03.07"]
[SourceVersion "1"]
[SourceVersionDate "2007.03.07"]
[SourceQuality "1"]

1. e4 c6 2. d4 d5 3. e5 Bf5 4. Nf3 e6 5. Be2 c5 6. Be3 Qb6 7. Nc3 Nc6 8. 0-0 Qxb2 9. Nb5 Rc8 10. dxc5 Qxc2 11. Qe1 Bd3 12. Nfd4 Nxd4 13. Nxd4 Qc4 14. Bxd3 Qxd3 15. Qb4 Qa6 16. Nb5 Nh6 17. Bxh6 Bxc5 18. Qf4 gxh6 19. a4 Be7 20. Qxh6 Kd7 21. Qg7 Rhf8 22. Qxh7 Rc4 23. Qg7 Rxa4 24. Rxa4 Qxa4 25. Nd6 Bxd6 26. exd6 Rb8 27. Qxf7+ Kxd6 28. Re1 Qe8 29. Qf4+ e5 30. Qb4+ Ke6 31. Qd4 Kd6 32. Qxa7 d4 33. f4 Ra8 34. fxe5+ Kd5 35. Qxb7+ Kc4 36. Rc1+ Kd3 37. Qb3+ 1-0